[Event "2018 Northern Alberta Open"]
[Site "?"]
[Date "2018.02.11"]
[Round "4"]
[White "Dave, Bhavik"]
[Black "Daniluk, Jim"]
[Result "0-1"]
[WhiteElo "1865"]
[BlackElo "1974"]
[PlyCount "84"]
[SourceDate "2017.09.01"]

1. d4 Nf6 2. c4 g6 3. Nc3 d5 4. Nf3 Bg7 5. Bf4 O-O 6. e3 Na6 7. Qb3 c6 8. Be5
Qb6 9. c5 Qa5 10. Nd2 Nd7 11. Bxg7 Kxg7 12. e4 e5 13. exd5 exd4 14. Qa4 Re8+
15. Kd1 Qxc5 16. Nde4 Rxe4 17. Nxe4 Qxd5 18. Bxa6 Qxe4 19. Re1 Qxg2 20. Qxd4+
Nf6 21. Bc4 c5 22. Qe3 Bg4+ 23. Kc2 Re8 24. Qg3 Bf5+ 25. Bd3 Bxd3+ 26. Kxd3
Qd5+ 27. Kc2 Ne4 28. Qd3 Qxd3+ 29. Kxd3 Nxf2+ 30. Kc4 Ne4 31. Rad1 Re7 32. b4
cxb4 33. Kxb4 f5 34. Rd5 Kf6 35. Red1 f4 36. h4 h6 37. Kc4 g5 38. hxg5+ hxg5
39. Kd4 Ng3 40. Rd2 Nf5+ 41. Kc3 f3 42. Rd7 f2 0-1

[Event "2018 Northern Alberta Open"]
[Site "?"]
[Date "2018.02.11"]
[Round "4"]
[White "Koperski, Dustin"]
[Black "Zeggelaar, Mike"]
[Result "1/2-1/2"]
[WhiteElo "1793"]
[BlackElo "1951"]
[PlyCount "30"]
[SourceDate "2017.09.01"]

1. e4 c6 2. d4 d5 3. e5 g6 4. Nf3 Bg4 5. Nbd2 Bg7 6. h3 Bxf3 7. Nxf3 Nh6 8. Bd3
Nd7 9. Bd2 e6 10. O-O O-O 11. Qc1 Nf5 12. g4 Ne7 13. Bh6 f6 14. Bxg7 Kxg7 15.
exf6+ Rxf6 1/2-1/2

[Event "2018 Northern Alberta Open"]
[Site "?"]
[Date "2018.02.11"]
[Round "4"]
[White "Superceanu, Andi"]
[Black "Guevarra, Alvin"]
[Result "1/2-1/2"]
[WhiteElo "1725"]
[BlackElo "1985"]
[PlyCount "49"]
[SourceDate "2017.09.01"]

1. e4 d6 2. d4 Nf6 3. Bd3 e5 4. c3 d5 5. dxe5 Nxe4 6. Bxe4 dxe4 7. Qxd8+ Kxd8
8. Bf4 Nc6 9. Nd2 Bf5 10. Ne2 Be7 11. Ng3 Bg4 12. Ngxe4 h6 13. f3 Be6 14. a3
Bh4+ 15. Ke2 Ke8 16. Nc5 b6 17. Nxe6 fxe6 18. Nb3 Rf8 19. g3 Be7 20. Nd4 Nxd4+
21. cxd4 Rd8 22. Be3 Rd5 23. f4 Rb5 24. Rab1 Kd7 25. b4 1/2-1/2

[Event "2018 Northern Alberta Open"]
[Site "?"]
[Date "2018.02.11"]
[Round "4"]
[White "Green, Jason"]
[Black "MacDonald, Dean"]
[Result "1-0"]
[WhiteElo "1566"]
[BlackElo "1471"]
[PlyCount "39"]
[SourceDate "2017.09.01"]

1. e4 d6 2. d4 Nf6 3. Nc3 g6 4. f4 Bg7 5. Nf3 O-O 6. Bc4 Nbd7 7. e5 dxe5 8.
fxe5 Ng4 9. e6 Ndf6 10. exf7+ Kh8 11. O-O Qd6 12. Nb5 Qc6 13. Qe2 Ne4 14. Bf4
Nd6 15. Nxd6 exd6 16. Bb3 d5 17. Ne5 Qe6 18. Rae1 Nf6 19. Qd2 Ne4 20. Rxe4 1-0

[Event "2018 Northern Alberta Open"]
[Site "?"]
[Date "2018.02.10"]
[Round "3"]
[White "Sasata, Robert"]
[Black "Malek, Omid"]
[Result "1-0"]
[WhiteElo "2327"]
[BlackElo "2190"]
[PlyCount "139"]
[SourceDate "2017.09.01"]

1. d4 Nf6 2. c4 e6 3. Nc3 Bb4 4. Qc2 O-O 5. a3 Bxc3+ 6. Qxc3 Qe8 7. e3 b6 8. b4
a5 9. Bb2 Ne4 10. Qc2 Bb7 11. f3 Nf6 12. Bd3 d6 13. Ne2 Nbd7 14. O-O e5 15. Ng3
g6 16. d5 Qe7 17. Bc3 axb4 18. axb4 Rxa1 19. Rxa1 Ra8 20. Qb2 Ne8 21. Rxa8 Bxa8
22. Qa2 Qd8 23. e4 Bb7 24. Qa4 Nef6 25. Bd2 Qa8 26. Bc2 Qxa4 27. Bxa4 Bc8 28.
Ne2 Nb8 29. Bg5 Kg7 30. Nc1 h6 31. Bh4 Ba6 32. Bb3 Nbd7 33. Nd3 g5 34. Be1 Kf8
35. Kf2 Ke7 36. Ke3 Nh5 37. g3 Ng7 38. Bc3 f6 39. Bb2 Ne8 40. Ba3 Kd8 41. Nb2
Ng7 42. Bc2 Ne8 43. Bd3 Kc8 44. Bf1 Kd8 45. Bh3 Ke7 46. Kd3 Kd8 47. Kc3 Ke7 48.
Nd1 Ng7 49. Ne3 Nb8 50. Bf1 Nd7 51. Bd3 Nb8 52. Bc2 Nd7 53. Ba4 Nb8 54. Bc1 Nd7
55. Ng4 Nf8 56. Nxh6 Bc8 57. Bc2 Ng6 58. Be3 Nf8 59. Bd3 Ng6 60. c5 bxc5 61.
bxc5 Bd7 62. Kb4 Bh3 63. Kb5 Kd7 64. Ng8 Ne8 65. Ka6 Kd8 66. Kb7 Nf8 67. Bb5
Bc8+ 68. Kb8 Nd7+ 69. Bxd7 Bxd7 70. cxd6 1-0

[Event "2018 Northern Alberta Open"]
[Site "?"]
[Date "2018.02.10"]
[Round "3"]
[White "Tuvera, Mark"]
[Black "Dave, Bhavik"]
[Result "0-1"]
[WhiteElo "1761"]
[BlackElo "1865"]
[PlyCount "27"]
[SourceDate "2017.09.01"]

1. d4 Nf6 2. c4 g6 3. Nf3 Bg7 4. h3 d5 5. Bg5 Ne4 6. Bf4 c6 7. e3 O-O 8. Bd3
Nd7 9. O-O Nb6 10. c5 Nd7 11. Nfd2 Ndf6 12. Nxe4 Nxe4 13. Nd2 Nxd2 14. Qxd2 {
missing moves} 0-1

[Event "2018 Northern Alberta Open"]
[Site "?"]
[Date "2018.02.10"]
[Round "3"]
[White "McGinnis, Paul"]
[Black "Chandra, Anand Rishi"]
[Result "0-1"]
[WhiteElo "1662"]
[BlackElo "1811"]
[PlyCount "78"]
[SourceDate "2017.09.01"]

1. Nf3 Nf6 2. g3 g6 3. Bg2 Bg7 4. d3 d5 5. O-O O-O 6. Nbd2 c5 7. e4 Nc6 8. Re1
Re8 9. Nf1 dxe4 10. dxe4 Qxd1 11. Rxd1 Nxe4 12. c3 Nf6 13. Be3 Nd7 14. N1d2 b6
15. Nc4 Rb8 16. Ng5 Nce5 17. Nxe5 Nxe5 18. Bf4 h6 19. Nf3 Nxf3+ 20. Bxf3 e5 21.
Bc6 Rf8 22. Be3 f5 23. Rd6 g5 24. f4 gxf4 25. gxf4 e4 26. Kf2 Bb7 27. Bb5 Rbd8
28. Re6 Bd5 29. Rg6 Kh7 30. Rgg1 Rg8 31. h4 Bh8 32. Rxg8 Rxg8 33. Bd7 Rf8 34.
a4 Rf6 35. a5 Be6 36. Rd1 Kg6 37. axb6 axb6 38. Be8+ Bf7 39. h5+ Kxh5 {
unreadable} 0-1

[Event "2018 Northern Alberta Open"]
[Site "?"]
[Date "2018.02.11"]
[Round "4"]
[White "Clemens, John"]
[Black "Ratte, Cameron"]
[Result "0-1"]
[WhiteElo "1512"]
[BlackElo "1719"]
[PlyCount "86"]
[SourceDate "2017.09.01"]

1. b3 e5 2. Bb2 Nc6 3. e3 g6 4. g3 Bg7 5. f4 d6 6. Bg2 Nf6 7. Nf3 O-O 8. O-O
Re8 9. a3 e4 10. Ne1 Bf5 11. c4 d5 12. Nc3 dxc4 13. bxc4 h5 14. Qc2 Nb8 15. h3
c6 16. Kh2 Nbd7 17. Rd1 Nc5 18. Ne2 Qd7 19. Nd4 Rad8 20. Nxf5 Qxf5 21. Bc3 Nfd7
22. Rg1 Bxc3 23. Qxc3 Nf6 24. Bf1 Kg7 25. Be2 Nd3 26. g4 hxg4 27. hxg4 Rh8+ 28.
Kg3 Qe6 29. Nxd3 Rxd3 30. Qa1 Rdd8 31. Kf2 Kf8 32. Ke1 Ke7 33. Qb2 b6 34. a4
Kd7 35. d4 exd3 36. Rxd3+ Kc7 37. Rxd8 Rxd8 38. Qb3 Ne4 39. Rh1 Nc5 40. Qa3 Qd6
41. Rh7 Qd2+ 42. Kf2 Rd7 43. Kf3 Re7 0-1

[Event "2018 Northern Alberta Open"]
[Site "?"]
[Date "2018.02.11"]
[Round "4"]
[White "Robertson, Trevor"]
[Black "Harrop, Breagan"]
[Result "1-0"]
[WhiteElo "1666"]
[BlackElo "1368"]
[PlyCount "65"]
[SourceDate "2017.09.01"]

1. c4 f5 2. d4 Nf6 3. Nc3 e6 4. Nf3 d6 5. e3 Be7 6. Bd3 O-O 7. O-O b6 8. b4 Bb7
9. Qb3 Ne4 10. Bxe4 fxe4 11. Nd2 d5 12. cxd5 exd5 13. Ncxe4 Kh8 14. Ng3 Qd6 15.
b5 Nd7 16. a4 Rf6 17. Ba3 Qe6 18. Bxe7 Qxe7 19. Rac1 Nf8 20. Nf3 Ng6 21. Rc3
Rxf3 22. gxf3 Nh4 23. e4 Bc8 24. Qxd5 Rb8 25. Qe5 Qf8 26. Qxc7 Bh3 27. Nf5 Nxf5
28. exf5 Bxf5 29. Qf4 Re8 30. Rfc1 g6 31. d5 Qe7 32. Re3 Qf7 33. Rc7 1-0

[Event "2018 Northern Alberta Open"]
[Site "?"]
[Date "2018.02.11"]
[Round "4"]
[White "Kalashyan, Hayrapet"]
[Black "McGinnis, Paul"]
[Result "0-1"]
[WhiteElo "1570"]
[BlackElo "1664"]
[PlyCount "68"]
[SourceDate "2017.09.01"]

1. d4 Nf6 2. Bf4 g6 3. e3 Bg7 4. Nc3 d6 5. e4 O-O 6. Be2 Nbd7 7. Nf3 c5 8. e5
Nh5 9. Be3 cxd4 10. Nxd4 dxe5 11. Nf5 Nf4 12. Nxg7 Nxg2+ 13. Kf1 Nxe3+ 14. fxe3
Kxg7 15. h4 Nc5 16. Qe1 Bf5 17. Rd1 Qc8 18. Qg3 Qe6 19. Nd5 Rad8 20. c4 Ne4 21.
Qh2 Rd7 22. Bf3 Rfd8 23. Ke2 b5 24. Qg2 Nf6 25. e4 Bg4 26. b3 Bxf3+ 27. Kxf3
bxc4 28. bxc4 Nh5 29. Rhg1 f5 30. Ke3 f4+ 31. Kf3 Ng3 32. c5 h5 33. c6 Qg4+ 34.
Kf2 Qe2# 0-1

[Event "2018 Northern Alberta Open"]
[Site "?"]
[Date "2018.02.11"]
[Round "4"]
[White "Pradzinski, Tim"]
[Black "Cao, Lucy"]
[Result "1/2-1/2"]
[WhiteElo "1925"]
[BlackElo "1593"]
[PlyCount "67"]
[SourceDate "2017.09.01"]

1. e4 Nf6 2. Nc3 e5 3. Bc4 Bc5 4. d3 h6 5. Be3 Bxe3 6. fxe3 c6 7. Nf3 d5 8.
exd5 cxd5 9. Bb5+ Bd7 10. Nxe5 Bxb5 11. Nxb5 Qb6 12. Nd4 Qxb2 13. O-O b6 14.
Nxf7 Kxf7 15. Qh5+ Ke7 16. Qe5+ Kd7 17. Qe6+ Kd8 18. Qd6+ Kc8 19. Rab1 Qc3 20.
Rb3 Qc7 21. Qb4 Na6 22. Qb5 Nc5 23. Rc3 Qd7 24. Qb4 Kb7 25. Rxc5 Qe7 26. Rb5
Qxe3+ 27. Kh1 Rhf8 28. Re1 Ng4 29. h3 Rae8 30. Rb1 Nf2+ 31. Kh2 Rf6 32. Rxd5
Nxh3 33. Rf5 Rxf5 34. Nxf5 1/2-1/2

[Event "2018 Northern Alberta Open"]
[Site "?"]
[Date "2018.02.11"]
[Round "4"]
[White "Mo, Michelle"]
[Black "Sasata, Alexander"]
[Result "0-1"]
[WhiteElo "1434"]
[BlackElo "1639"]
[PlyCount "92"]
[SourceDate "2017.09.01"]

1. e4 e5 2. Nf3 Nc6 3. Bb5 f5 4. d3 Nf6 5. Bg5 d6 6. Nbd2 Be7 7. Bc4 fxe4 8.
dxe4 Bg4 9. Bxf6 Bxf6 10. c3 Qd7 11. b4 Be6 12. Qb3 Bxc4 13. Qxc4 O-O-O 14. b5
Ne7 15. Qa4 Kb8 16. c4 g5 17. Qb3 h5 18. a4 g4 19. Ng1 Bg5 20. a5 Ng6 21. Ne2
Rhf8 22. Nb1 Qf7 23. Rf1 Nf4 24. Ng3 Nxg2+ 25. Kd1 Qf3+ 26. Kc2 h4 27. Nd2
Qxb3+ 28. Nxb3 hxg3 29. hxg3 Be3 30. Kd3 Bxf2 31. Ra2 Bxg3 32. Rxf8 Rxf8 33.
Rxg2 Rf3+ 34. Kc2 Rf2+ 35. Rxf2 Bxf2 36. Kd2 a6 37. Ke2 g3 38. Nc1 axb5 39.
cxb5 Ka7 40. Nd3 c6 41. Nxf2 gxf2 42. bxc6 bxc6 43. Kxf2 Ka6 44. Ke3 Kxa5 45.
Kd3 Kb4 46. Ke2 d5 0-1

[Event "2018 Northern Alberta Open"]
[Site "?"]
[Date "2018.02.11"]
[Round "4"]
[White "Saley, Amartya"]
[Black "Tuvera, Mark"]
[Result "0-1"]
[WhiteElo "1095"]
[BlackElo "1761"]
[PlyCount "90"]
[SourceDate "2017.09.01"]

1. e4 d5 2. exd5 Qxd5 3. Nc3 Qd6 4. Nf3 Nf6 5. h3 Bf5 6. Bc4 e6 7. d3 Be7 8.
Be3 Nbd7 9. Qd2 Nb6 10. Bf4 Nxc4 11. dxc4 Qxd2+ 12. Nxd2 c6 13. Rc1 O-O 14. O-O
Rad8 15. Rfd1 a6 16. b3 Bb4 17. Na4 b5 18. cxb5 cxb5 19. Nb2 Ba3 20. Be5 Nd7
21. Nf3 Nxe5 22. Rxd8 Rxd8 23. Nxe5 Bxb2 24. Rb1 Bxe5 25. Re1 Bf6 26. g4 Bxc2
27. Re2 Bd1 28. Re1 Bf3 29. Re3 Bb7 30. f4 Bd4 31. Kf2 Bxe3+ 32. Kxe3 Rd1 33.
Ke2 Rh1 34. a4 bxa4 35. bxa4 Rxh3 36. Kf2 Rf3+ 37. Kg2 Rxf4+ 38. Kg3 Rxa4 39.
Kh4 Bf3 40. Kh3 Rxg4 41. Kh2 Bh1 42. Kh3 Rf4 43. Kh2 e5 44. Kxh1 f5 45. Kh2 Rf3
0-1

[Event "2018 Northern Alberta Open"]
[Site "?"]
[Date "2018.02.11"]
[Round "5"]
[White "Green, Jason"]
[Black "Nolan, Pat"]
[Result "1-0"]
[WhiteElo "1566"]
[BlackElo "1463"]
[PlyCount "31"]
[SourceDate "2017.09.01"]

1. e4 c5 2. Nc3 d6 3. f4 Nf6 4. Nf3 Nc6 5. Bc4 e6 6. d3 Be7 7. O-O O-O 8. Qe1
Nd4 9. Nxd4 cxd4 10. Ne2 Qb6 11. Kh1 Bd7 12. Qg3 Rac8 13. f5 e5 14. Bh6 g6 15.
fxg6 hxg6 16. Qxg6+ 1-0

[Event "2018 Northern Alberta Open"]
[Site "?"]
[Date "2018.02.11"]
[Round "5"]
[White "Harrop, Breagan"]
[Black "Kalashyan, Hayrapet"]
[Result "0-1"]
[WhiteElo "1368"]
[BlackElo "1570"]
[PlyCount "82"]
[SourceDate "2017.09.01"]

1. Nf3 c5 2. c4 e6 3. d3 Nf6 4. g3 Nc6 5. Bg2 Be7 6. O-O a6 7. b3 O-O 8. Bb2
Qc7 9. Nbd2 Rd8 10. Qc2 b5 11. a3 Bb7 12. Ng5 d5 13. cxd5 Nxd5 14. Nde4 Rac8
15. Bh3 Bxg5 16. Nxg5 Qe7 17. Ne4 Nd4 18. Qd1 f5 19. Nc3 Qg5 20. Bg2 f4 21. Ne4
Qg6 22. Rc1 fxg3 23. fxg3 Ne3 24. Qd2 Nxg2 25. Rxc5 Nxb3 26. Rxc8 Rxc8 27. Qb4
Ne3 28. Nd6 Nxf1 29. Nxc8 Bxc8 30. Qe7 Qf7 31. Qd8+ Qf8 32. Qxf8+ Kxf8 33. Kxf1
Bb7 34. Kf2 Kf7 35. Ke3 Bd5 36. Kf4 g6 37. Ke5 Bg2 38. e3 Nc5 39. d4 Nd3+ 40.
Kd6 Nxb2 41. Kc7 Nc4 0-1

[Event "2018 Northern Alberta Open"]
[Site "?"]
[Date "2018.02.11"]
[Round "5"]
[White "MacDonald, Dean"]
[Black "Saley, Amartya"]
[Result "1-0"]
[WhiteElo "1471"]
[BlackElo "1095"]
[PlyCount "73"]
[SourceDate "2017.09.01"]

1. c4 e5 2. g3 Nf6 3. Bg2 Nc6 4. Nc3 Bb4 5. d3 Bxc3+ 6. bxc3 O-O 7. Nf3 d6 8.
O-O Re8 9. Bg5 h6 10. Bd2 Bg4 11. e4 Qe7 12. Re1 a6 13. Qb3 b6 14. d4 Bxf3 15.
Bxf3 exd4 16. Qc2 Ne5 17. Bg2 dxc3 18. Bxc3 Qe6 19. f4 Nxc4 20. Bxf6 gxf6 21.
f5 Na3 22. Qc1 Qc4 23. Qxa3 Qd4+ 24. Qe3 Qxe3+ 25. Rxe3 d5 26. Rd1 dxe4 27.
Rxe4 Red8 28. Red4 Rxd4 29. Rxd4 Re8 30. Rd7 c5 31. Bd5 Re1+ 32. Kf2 Ra1 33.
Rxf7 Kh8 34. Rxf6 Kg7 35. Rxb6 a5 36. f6+ Kf8 37. Rb8# 1-0

[Event "2018 Northern Alberta Open"]
[Site "?"]
[Date "2018.02.11"]
[Round "5"]
[White "Sasata, Robert"]
[Black "Findlay, Ian"]
[Result "1/2-1/2"]
[WhiteElo "2327"]
[BlackElo "2307"]
[PlyCount "51"]
[SourceDate "2017.09.01"]

1. d4 Nf6 2. c4 c5 3. d5 e6 4. Nc3 exd5 5. cxd5 d6 6. e4 g6 7. f3 Bg7 8. Bg5 h6
9. Be3 O-O 10. Qd2 Na6 11. Nge2 Nc7 12. a4 a6 13. Ng3 h5 14. Bc4 Re8 15. O-O
Rb8 16. Bg5 b5 17. axb5 axb5 18. Be2 b4 19. Nd1 Nb5 20. Bxb5 Rxb5 21. Ne3 Rb6
22. Nc4 Ba6 23. Nxb6 Bxf1 24. Bxf6 Bxf6 25. Ra8 Qe7 26. Rxe8+ 1/2-1/2

[Event "2018 Northern Alberta Open"]
[Site "?"]
[Date "2018.02.11"]
[Round "5"]
[White "Daniluk, Jim"]
[Black "Haessel, Dale"]
[Result "0-1"]
[WhiteElo "1974"]
[BlackElo "2299"]
[PlyCount "82"]
[SourceDate "2017.09.01"]

1. d4 Nf6 2. Bf4 g6 3. e3 Bg7 4. c3 d6 5. Bd3 Nbd7 6. Nf3 O-O 7. Qc2 Re8 8.
Nbd2 e5 9. Bg3 Qe7 10. dxe5 Nxe5 11. Nxe5 dxe5 12. e4 Nh5 13. Be2 Nf4 14. Bxf4
exf4 15. O-O Be6 16. Rfe1 Rad8 17. Bb5 c6 18. Bf1 Rd7 19. Nb3 Red8 20. Rad1 b6
21. Rxd7 Qxd7 22. Be2 Re8 23. Rd1 Qe7 24. Nd4 Bd7 25. Qc1 Be5 26. Nf3 Bc7 27.
Re1 Qxe4 28. Nd2 Qe7 29. Kf1 h5 30. Nf3 Kg7 31. Bc4 Qc5 32. Be2 a5 33. Qd2 Rd8
34. b4 axb4 35. cxb4 Qf5 36. Qb2+ Qf6 37. Qc2 Bf5 38. Qb3 g5 39. a4 g4 40. Ng1
Rd2 41. Rd1 Bc2 0-1

[Event "2018 Northern Alberta Open"]
[Site "?"]
[Date "2018.02.11"]
[Round "5"]
[White "Karmali, Hafiz"]
[Black "Malek, Omid"]
[Result "1-0"]
[WhiteElo "2051"]
[BlackElo "2190"]
[PlyCount "105"]
[SourceDate "2017.09.01"]

1. d4 Nf6 2. c4 e6 3. Nc3 Bb4 4. e3 b6 5. Be2 Bb7 6. Bf3 Bxf3 7. Nxf3 O-O 8.
O-O d5 9. cxd5 exd5 10. Ne5 Bxc3 11. bxc3 Ne4 12. Bb2 f6 13. Nd3 Nc6 14. Nf4
Qd7 15. f3 Ng5 16. Qb3 Kh8 17. Qxd5 Qe8 18. e4 Na5 19. a4 Rd8 20. Qa2 Rd7 21.
Rae1 Qc8 22. Ba3 Rg8 23. e5 fxe5 24. Rxe5 Nf7 25. Rh5 Re8 26. Ng6+ Kg8 27. Ne5
g6 28. Nxf7 Rxf7 29. Rxh7 Qe6 30. Qxe6 Rxe6 31. Rxf7 Kxf7 32. f4 Nc4 33. Bc1
Re2 34. f5 Rc2 35. fxg6+ Kxg6 36. Bf4 Rxc3 37. Rc1 Rxc1+ 38. Bxc1 Kf5 39. Kf2
Ke4 40. h4 Kxd4 41. h5 Ke5 42. Kf3 c6 43. Kg4 Kf6 44. Bg5+ Kg7 45. Kf5 b5 46.
axb5 cxb5 47. g4 Nd6+ 48. Ke6 Ne4 49. Bf4 Nc5+ 50. Kf5 Nd3 51. Be3 a5 52. h6+
Kh8 53. g5 1-0

[Event "2018 Northern Alberta Open"]
[Site "?"]
[Date "2018.02.11"]
[Round "5"]
[White "van Niekerk, Anton"]
[Black "Hughey, Leah"]
[Result "0-1"]
[WhiteElo "1879"]
[BlackElo "1680"]
[PlyCount "122"]
[SourceDate "2017.09.01"]

1. e4 e6 2. d4 d5 3. Nd2 Nf6 4. e5 Nfd7 5. f4 c5 6. c3 Nc6 7. Ndf3 Qb6 8. Ne2
Be7 9. g3 Nf8 10. Bh3 Bd7 11. O-O Ng6 12. Qc2 cxd4 13. Nexd4 Rc8 14. Qf2 Nxd4
15. Nxd4 Bc5 16. Be3 O-O 17. b4 Bxd4 18. Bxd4 Qa6 19. Bxa7 Rxc3 20. Bc5 Ra8 21.
Qb2 Qa3 22. Rf2 Nxf4 23. Qxa3 Nxh3+ 24. Kg2 Raxa3 25. Kxh3 Bb5 26. Rd1 Bc4 27.
Rdd2 Ra4 28. Kg2 Rca3 29. Rb2 Rxa2 30. Rxa2 Rxa2 31. Rxa2 Bxa2 32. Kf3 f6 33.
Bd6 Kf7 34. Ke3 Bc4 35. h4 Kg6 36. Bc7 Kf5 37. Kd4 Kg4 38. Ke3 f5 39. Kf2 d4
40. Bb6 d3 41. Be3 h6 42. Bd2 g5 43. hxg5 hxg5 44. Bc3 Bd5 45. Be1 Bf3 46. Ke3
Be2 47. Kf2 f4 48. gxf4 gxf4 49. Bd2 Kf5 50. Bc3 Ke4 51. Bb2 f3 52. Bc3 b5 53.
Ke1 Kd5 54. Kf2 Kc4 55. Bd2 Kb3 56. Ke3 Kc2 57. Be1 Kd1 58. Bc3 Kc2 59. Be1 Bd1
60. Kd4 d2 61. Bf2 Be2 0-1

[Event "2018 Northern Alberta Open"]
[Site "?"]
[Date "2018.02.11"]
[Round "5"]
[White "Ratte, Cameron"]
[Black "Kalisvaart, Peter"]
[Result "0-1"]
[WhiteElo "1719"]
[BlackElo "2116"]
[PlyCount "80"]
[SourceDate "2017.09.01"]

1. e4 e5 2. Nf3 Nf6 3. Nxe5 d6 4. Nf3 Nxe4 5. d4 d5 6. Bd3 Bd6 7. O-O O-O 8. c4
c6 9. Nc3 Nxc3 10. bxc3 dxc4 11. Bxc4 Bg4 12. Rb1 Qc7 13. h3 Bh5 14. Be2 Nd7
15. Qb3 b6 16. Be3 Rae8 17. Rbe1 Nf6 18. Nh4 Bxe2 19. Rxe2 Re4 20. Nf3 Rfe8 21.
Rfe1 Nd5 22. Qc2 h6 23. Bc1 Rxe2 24. Rxe2 Rxe2 25. Qxe2 Nxc3 26. Qe8+ Kh7 27.
a3 Nd5 28. Qe4+ g6 29. g3 Qe7 30. Qc2 Bxa3 31. Qxc6 Nb4 32. Qc3 Bxc1 33. Qxc1
Nd5 34. Qc4 Qb7 35. Ne5 Kg7 36. Qb3 b5 37. Qf3 b4 38. Ng4 b3 39. Nf6 b2 40.
Nxd5 b1=Q+ 0-1

[Event "2018 Northern Alberta Open"]
[Site "?"]
[Date "2018.02.11"]
[Round "5"]
[White "Guevarra, Alvin"]
[Black "Wei, Daniel"]
[Result "1/2-1/2"]
[WhiteElo "1985"]
[BlackElo "1798"]
[PlyCount "49"]
[SourceDate "2017.09.01"]

1. d4 d5 2. Nf3 Nf6 3. Bg5 Nbd7 4. e3 e6 5. Nbd2 Be7 6. Bd3 O-O 7. O-O c5 8. c3
Qc7 9. Re1 b6 10. e4 dxe4 11. Nxe4 Nd5 12. Bxe7 Nxe7 13. Qe2 Nd5 14. Neg5 N7f6
15. Qc2 h6 16. Ne4 cxd4 17. Nxd4 Bb7 18. h3 Rfd8 19. Rad1 Rac8 20. a3 Nxe4 21.
Bxe4 Nf6 22. Bxb7 Qxb7 23. Nb5 Qe7 24. Rxd8+ Rxd8 25. Rd1 1/2-1/2

[Event "2018 Northern Alberta Open"]
[Site "?"]
[Date "2018.02.11"]
[Round "5"]
[White "Tuvera, Mark"]
[Black "Pradzinski, Tim"]
[Result "1/2-1/2"]
[WhiteElo "1761"]
[BlackElo "1925"]
[PlyCount "62"]
[SourceDate "2017.09.01"]

1. d4 d5 2. Nf3 Nf6 3. Bf4 e6 4. e3 Bd6 5. Bg5 h6 6. Bh4 Be7 7. Bg3 c5 8. c3
Nc6 9. Bb5 Bd7 10. O-O a6 11. Bxc6 Bxc6 12. Nbd2 O-O 13. Ne5 Qb6 14. b3 Rac8
15. Rc1 cxd4 16. exd4 Bb5 17. c4 dxc4 18. Ndxc4 Bxc4 19. Nxc4 Qd8 20. Qf3 b5
21. Ne5 Qd5 22. Nc6 Ba3 23. Be5 Ne4 24. b4 Rxc6 25. Rxc6 Qxc6 26. Qxa3 Rc8 27.
h3 f6 28. Bf4 Nc3 29. Be3 Nd5 30. Rc1 Qb7 31. Rc5 Kf7 1/2-1/2

[Event "2018 Northern Alberta Open"]
[Site "?"]
[Date "2018.02.11"]
[Round "5"]
[White "Cao, Lucy"]
[Black "Mo, Michelle"]
[Result "1/2-1/2"]
[WhiteElo "1593"]
[BlackElo "1649"]
[PlyCount "79"]
[SourceDate "2017.09.01"]

1. e4 c5 2. Nf3 d6 3. d4 cxd4 4. Nxd4 Nf6 5. Nc3 a6 6. Bg5 e6 7. f4 Be7 8. Qf3
Bd7 9. e5 dxe5 10. fxe5 Nd5 11. Bxe7 Nxe7 12. Qxb7 Nbc6 13. O-O-O Ra7 14. Nxc6
Nxc6 15. Qb3 O-O 16. Ne4 Nxe5 17. Nc5 Qg5+ 18. Kb1 Bc6 19. Nxa6 Ng4 20. Qb6 Rd7
21. Rxd7 Bxd7 22. Nc5 Qd5 23. Bd3 Qxg2 24. Be4 Qe2 25. Bxh7+ Kxh7 26. Nxd7 Rc8
27. Qb3 Qg2 28. Rc1 Nxh2 29. a4 Nf3 30. Ka1 Kg8 31. Qb7 Re8 32. a5 Qd2 33. Kb1
Rd8 34. Qxf3 Rxd7 35. Rh1 Qxa5 36. Qh3 f5 37. Qh8+ Kf7 38. Qh5+ Kf8 39. Qh8+
Kf7 40. Qh5+ 1/2-1/2

[Event "2018 Battle of Alberta"]
[Site "?"]
[Date "2018.09.08"]
[Round "1"]
[White "Gardner, Rob"]
[Black "Chandra, Anand"]
[Result "1-0"]
[WhiteElo "2239"]
[BlackElo "2155"]
[PlyCount "39"]
[SourceDate "2017.09.01"]

1. b3 Nf6 2. Bb2 e6 3. e3 d5 4. f4 Bd6 5. Nf3 Nbd7 6. Be2 c5 7. O-O O-O 8. Qe1
Qe7 9. Ne5 Re8 10. d3 Nf8 11. Nd2 N6d7 12. Bh5 Ng6 13. Bxg6 hxg6 14. Ndf3 Bxe5
15. fxe5 f6 16. Qg3 Qf7 17. exf6 gxf6 18. Ne5 Nxe5 19. Bxe5 f5 20. Rf4 1-0

[Event "2018 Battle of Alberta"]
[Site "?"]
[Date "2018.09.08"]
[Round "1"]
[White "Pechenkin, Vladimir"]
[Black "Zhao, Ian"]
[Result "0-1"]
[WhiteElo "2333"]
[BlackElo "2208"]
[PlyCount "50"]
[SourceDate "2017.09.01"]

1. c4 e5 2. g3 c6 3. d4 e4 4. Nc3 Nf6 5. Bg2 d5 6. cxd5 cxd5 7. Bg5 Nbd7 8. Qb3
Bd6 9. Qb5 O-O 10. Nxd5 a6 11. Qa4 Re8 12. Nh3 b5 13. Qb3 h6 14. Bxf6 Nxf6 15.
O-O Nxd5 16. Qxd5 Be6 17. Qb7 Bc4 18. b3 Rb8 19. Qxa6 Bxe2 20. Rfe1 Bd3 21. Re3
Bb4 22. Nf4 Rb6 23. Qxb6 Qxb6 24. Nxd3 Qxd4 25. Rd1 Re7 0-1

[Event "2018 Battle of Alberta"]
[Site "?"]
[Date "2018.09.08"]
[Round "1"]
[White "Chandra, Anand"]
[Black "Gardner, Rob"]
[Result "0-1"]
[WhiteElo "2155"]
[BlackElo "2239"]
[PlyCount "68"]
[SourceDate "2017.09.01"]

1. e4 d6 2. d4 Nf6 3. Nc3 Nbd7 4. Nf3 e5 5. Be2 Be7 6. O-O c6 7. Re1 Qc7 8. Bf1
h6 9. h3 g5 10. g4 Nf8 11. Nh2 Ng6 12. f3 Nf4 13. Ne2 Be6 14. Nxf4 gxf4 15. c4
O-O-O 16. d5 Bd7 17. b4 Rdg8 18. Ba3 h5 19. Rc1 hxg4 20. Nxg4 Nh7 21. c5 Ng5
22. dxc6 bxc6 23. Ba6+ Kb8 24. b5 dxc5 25. Bxc5 Bxc5+ 26. Rxc5 Rxh3 27. bxc6
Rg3+ 28. Kf1 Rxf3+ 29. Ke2 Bc8 30. Rb5+ Ka8 31. Bb7+ Bxb7 32. cxb7+ Kb8 33.
Nxe5 Re3+ 34. Kf1 Nh3 0-1

[Event "2018 Battle of Alberta"]
[Site "?"]
[Date "2018.09.08"]
[Round "1"]
[White "Zhao, Ian"]
[Black "Pechenkin, Vladimir"]
[Result "1-0"]
[WhiteElo "2208"]
[BlackElo "2333"]
[PlyCount "53"]
[SourceDate "2017.09.01"]

1. e4 e6 2. d4 d5 3. Nd2 c5 4. Ngf3 Nc6 5. Bb5 a6 6. Bxc6+ bxc6 7. O-O Nf6 8.
Re1 cxd4 9. Nxd4 Qb6 10. c3 Be7 11. e5 Nd7 12. Qg4 g6 13. N2f3 c5 14. Ne2 f5
15. Qg3 Nf8 16. Bg5 Bxg5 17. Qxg5 Ra7 18. Qh6 a5 19. Rab1 Rg8 20. b3 Ba6 21.
Nf4 Rb7 22. a3 Rgg7 23. b4 axb4 24. axb4 Rgc7 25. Red1 Bc4 26. h4 Rg7 27. Ra1
1-0

[Event "2018 Battle of Alberta"]
[Site "?"]
[Date "2018.09.08"]
[Round "1"]
[White "Kalisvaart, Peter"]
[Black "Vasic, Maxim"]
[Result "1-0"]
[WhiteElo "2148"]
[BlackElo "1964"]
[PlyCount "43"]
[SourceDate "2017.09.01"]

1. d4 d5 2. c4 c6 3. Nc3 Nf6 4. Nf3 e6 5. Bg5 dxc4 6. e4 b5 7. e5 h6 8. Bh4 g5
9. Nxg5 hxg5 10. Bxg5 Nbd7 11. exf6 Bb7 12. g3 c5 13. d5 b4 14. Bxc4 e5 15. Ne4
Qa5 16. O-O Nb6 17. b3 O-O-O 18. Qg4+ Kb8 19. Qf5 Nxd5 20. Qxe5+ Nc7 21. Bf4
Re8 22. Qxe8+ 1-0

[Event "2018 Battle of Alberta"]
[Site "?"]
[Date "2018.09.08"]
[Round "1"]
[White "Sabogal, Edison"]
[Black "Timmerman, Brian"]
[Result "0-1"]
[WhiteElo "2098"]
[BlackElo "2011"]
[PlyCount "64"]
[SourceDate "2017.09.01"]

1. e4 c5 2. Nf3 e6 3. d4 cxd4 4. Nxd4 Nc6 5. Be3 Nf6 6. Nd2 d5 7. Nxc6 bxc6 8.
e5 Nd7 9. f4 c5 10. c3 Be7 11. Bd3 a5 12. O-O Ba6 13. Nf3 Bxd3 14. Qxd3 c4 15.
Qc2 Nc5 16. f5 Qc7 17. Kh1 O-O 18. Bxc5 Qxc5 19. Nd4 Qb6 20. f6 Bc5 21. Qd2
Rfb8 22. Qf4 g6 23. Rae1 Ra6 24. Re3 Qxb2 25. Rh3 Bf8 26. Nf3 Qe2 27. Re1 Qf2
28. Rg1 Rb2 29. a4 Rab6 30. Qg4 Rb1 31. Qh4 Rxg1+ 32. Nxg1 Qxh4 0-1